[Event "Gyumri 2009"]
[Site "Gyumri ARM"]
[Date "2009.05.27"]
[Round "5.3"]
[White "Arutinian, David"]
[Black "Jumabayev, Rinat"]
[Result "0-1"]
[WhiteElo "2548"]
[BlackElo "2544"]
[PlyCount "92"]
[EventDate "2009.05.23"]
[EventType "tourn"]
[EventRounds "9"]
[EventCountry "ARM"]
[EventCategory "11"]
[Source "lmi"]
[SourceDate "2009.05.23"]

1. d4 Nf6 2. c4 e6 3. Nf3 b6 4. Nc3 Bb4 5. Bg5 Bb7 6. Nd2 h6 7. Bh4 Nc6 8. e3
Ne7 9. Bxf6 gxf6 10. Qc2 f5 11. a3 Bxc3 12. Qxc3 Rg8 13. f3 c5 14. dxc5 bxc5
15. Nb3 Qb6 16. Na5 Rb8 17. Nxb7 Rxb7 18. O-O-O Nc6 19. g3 Ke7 20. Rg1 Qb3 21.
Qxb3 Rxb3 22. Rd3 Rgb8 23. Rg2 Ne5 24. Rxb3 Rxb3 25. f4 Ng4 26. Kc2 Rxe3 27.
Be2 d5 28. cxd5 exd5 29. Bd3 Ke6 30. Kd2 c4 31. Re2 Rxe2+ 32. Bxe2 Kd6 33. Kc3
Kc5 34. b4+ cxb3 35. Kxb3 Nxh2 36. Bd3 Kd4 37. Bxf5 Ke3 38. Kb4 d4 39. Kb5 d3
40. Ka6 Nf3 41. a4 d2 42. Bc2 Nd4 43. Bd1 Kf2 44. a5 Ke1 45. Ba4 Nc6 46. Kb5
Nxa5 0-1

[Event "Gyumri 2009"]
[Site "Gyumri ARM"]
[Date "2009.05.27"]
[Round "5.4"]
[White "Hovhannisyan, Robert"]
[Black "Harutjunyan, Gevorg"]
[Result "0-1"]
[WhiteElo "2439"]
[BlackElo "2504"]
[PlyCount "94"]
[EventDate "2009.05.23"]
[EventType "tourn"]
[EventRounds "9"]
[EventCountry "ARM"]
[EventCategory "11"]
[Source "lmi"]
[SourceDate "2009.05.23"]

1. e4 c6 2. Nc3 d5 3. Nf3 Bg4 4. h3 Bxf3 5. Qxf3 Nf6 6. Be2 e6 7. O-O Be7 8. d3
O-O 9. Qg3 Nbd7 10. f4 Qb8 11. a4 a6 12. b3 Qa7+ 13. Kh2 Bb4 14. Na2 Be7 15.
Bb2 Qc5 16. Rac1 b5 17. b4 Qa7 18. e5 Ne8 19. c4 bxa4 20. cxd5 cxd5 21. f5 a3
22. Ba1 exf5 23. Bf3 Rd8 24. Bxd5 Nxe5 25. Bxe5 Rxd5 26. Rc7 Qxc7 27. Bxc7 Nxc7
28. Kh1 Nb5 29. Qe3 Bf6 30. Rc1 Rfd8 31. Qb6 Bb2 32. Re1 R5d6 33. Qb7 Bf6 34.
Rc1 h5 35. Rc6 Rxd3 36. Rxf6 gxf6 37. Qxa6 R8d5 38. Qxf6 Rd2 39. Qg5+ Kf8 40.
Qh6+ Ke7 41. Nc1 a2 42. Qg5+ Kd7 43. Nb3 Rb2 44. Qxh5 Rxb3 45. Qxf7+ Kc6 46.
Qe6+ Nd6 47. b5+ Rbxb5 0-1

[Event "Gyumri 2009"]
[Site "Gyumri ARM"]
[Date "2009.05.27"]
[Round "5.5"]
[White "Chibukhchian, Artur"]
[Black "Ter-Sahakyan, Samvel"]
[Result "1/2-1/2"]
[WhiteElo "2467"]
[BlackElo "2486"]
[PlyCount "31"]
[EventDate "2009.05.23"]
[EventType "tourn"]
[EventRounds "9"]
[EventCountry "ARM"]
[EventCategory "11"]
[Source "lmi"]
[SourceDate "2009.05.23"]

1. d4 d5 2. c4 c6 3. Nf3 Nf6 4. Qc2 dxc4 5. Qxc4 Bf5 6. Nc3 e6 7. g3 Be7 8. Bg2
Nbd7 9. O-O O-O 10. Re1 Bg6 11. e4 b5 12. Qxc6 b4 13. e5 Rc8 14. Qa6 bxc3 15.
exf6 Nxf6 16. bxc3 1/2-1/2

[Event "Gyumri 2009"]
[Site "Gyumri ARM"]
[Date "2009.05.28"]
[Round "6.1"]
[White "Ponkratov, Pavel"]
[Black "Ter-Sahakyan, Samvel"]
[Result "1-0"]
[WhiteElo "2579"]
[BlackElo "2486"]
[PlyCount "39"]
[EventDate "2009.05.23"]
[EventType "tourn"]
[EventRounds "9"]
[EventCountry "ARM"]
[EventCategory "11"]
[Source "lmi"]
[SourceDate "2009.05.23"]

1. Nc3 c5 2. Nf3 Nc6 3. d4 cxd4 4. Nxd4 Nf6 5. e4 d6 6. f4 e5 7. Nf3 Be7 8. Bd3
O-O 9. O-O a6 10. Kh1 Qc7 11. Qe1 exf4 12. Bxf4 Be6 13. e5 dxe5 14. Nxe5 Bd6
15. Nxc6 Bxf4 16. Qh4 g5 17. Qh6 bxc6 18. Rae1 Qd8 19. h4 g4 20. Rxf4 1-0

[Event "Gyumri 2009"]
[Site "Gyumri ARM"]
[Date "2009.05.28"]
[Round "6.3"]
[White "Jumabayev, Rinat"]
[Black "Hovhannisyan, Robert"]
[Result "1/2-1/2"]
[WhiteElo "2544"]
[BlackElo "2439"]
[PlyCount "114"]
[EventDate "2009.05.23"]
[EventType "tourn"]
[EventRounds "9"]
[EventCountry "ARM"]
[EventCategory "11"]
[Source "lmi"]
[SourceDate "2009.05.23"]

1. Nf3 d5 2. d4 Nf6 3. c4 c6 4. Qc2 dxc4 5. Qxc4 Bf5 6. g3 e6 7. Bg2 Be7 8. O-O
Nbd7 9. Nc3 O-O 10. Qb3 Qb6 11. Nd2 Rfd8 12. e4 Bg6 13. Nc4 Qa6 14. Bg5 h6 15.
Bh4 Nb6 16. Nxb6 Qxb6 17. e5 Qxb3 18. axb3 Nd5 19. Nxd5 Bxh4 20. Nf4 Be7 21.
Nxg6 fxg6 22. Rfd1 Rd7 23. Be4 g5 24. Kf1 Bd8 25. b4 Bb6 26. b5 Rad8 27. bxc6
bxc6 28. Bxc6 Rxd4 29. Bf3 Rf8 30. Rxd4 Bxd4 31. Ra4 Bb6 32. Kg2 Rd8 33. Re4
Rd2 34. Re2 Rd4 35. Rc2 g4 36. Be2 Re4 37. b3 Kf7 38. Bc4 h5 39. Re2 Rd4 40. f3
gxf3+ 41. Kxf3 g5 42. h3 a5 43. Rc2 Ke7 44. Bxe6 Kxe6 45. Rc6+ Kxe5 46. Rxb6
Rd3+ 47. Kf2 Ke4 48. Rb5 Rd2+ 49. Ke1 Rd5 50. Rxd5 Kxd5 51. Kd1 Ke5 52. Ke1 Kd5
53. Kd1 Kc5 54. Kc1 g4 55. hxg4 hxg4 56. Kc2 Kd4 57. Kd2 Ke5 1/2-1/2

[Event "Gyumri 2009"]
[Site "Gyumri ARM"]
[Date "2009.05.28"]
[Round "6.4"]
[White "Gelashvili, Tamaz"]
[Black "Arutinian, David"]
[Result "1/2-1/2"]
[WhiteElo "2609"]
[BlackElo "2548"]
[PlyCount "44"]
[EventDate "2009.05.23"]
[EventType "tourn"]
[EventRounds "9"]
[EventCountry "ARM"]
[EventCategory "11"]
[Source "lmi"]
[SourceDate "2009.05.23"]

1. e4 c6 2. d4 d5 3. Nc3 dxe4 4. Nxe4 Bf5 5. Ng3 Bg6 6. h4 h6 7. h5 Bh7 8. Nf3
Nd7 9. Bd3 Bxd3 10. Qxd3 e6 11. Bf4 Ngf6 12. O-O-O Be7 13. Kb1 O-O 14. Ne4 Nxe4
15. Qxe4 Nf6 16. Qe2 Qd5 17. Ne5 Qe4 18. Qxe4 Nxe4 19. Kc1 Nf6 20. g4 Bd6 21.
f3 a5 22. a4 b5 1/2-1/2

[Event "Gyumri 2009"]
[Site "Gyumri ARM"]
[Date "2009.05.28"]
[Round "6.5"]
[White "Minasian, Ara"]
[Black "Kalashian, David"]
[Result "1-0"]
[WhiteElo "2460"]
[BlackElo "2427"]
[PlyCount "115"]
[EventDate "2009.05.23"]
[EventType "tourn"]
[EventRounds "9"]
[EventCountry "ARM"]
[EventCategory "11"]
[Source "lmi"]
[SourceDate "2009.05.23"]

1. c4 Nf6 2. Nf3 e6 3. d4 b6 4. g3 Ba6 5. Qc2 Bb4+ 6. Bd2 Be7 7. e4 d5 8. cxd5
Bxf1 9. Kxf1 exd5 10. e5 Ne4 11. Nc3 Nxc3 12. bxc3 Qd7 13. h4 Nc6 14. Ng5 Nd8
15. Nxh7 Ne6 16. Kg2 c5 17. Ng5 Bxg5 18. hxg5 O-O-O 19. Be3 g6 20. Rh6 cxd4 21.
cxd4+ Kb7 22. Rah1 Rc8 23. Qd1 Rhd8 24. Qf3 Rc7 25. Rh8 Rxh8 26. Rxh8 b5 27.
Rh1 a5 28. Qe2 Rc4 29. Rd1 b4 30. Rd3 a4 31. Qd1 Qb5 32. Rd2 a3 33. Rd3 Nd8 34.
Rb3 Rc3 35. Rb1 Ka6 36. Bd2 Rc4 37. Qf3 Nc6 38. Qxf7 Rxd4 39. Be3 Rc4 40. Qxg6
d4 41. Bd2 Qd5+ 42. Kg1 d3 43. Qd6 Qxe5 44. Qxd3 Qb5 45. Qd7 Nd4 46. Qd6+ Ka5
47. Rxb4 Rc1+ 48. Bxc1 Nf3+ 49. Kg2 Nh4+ 50. Kh2 Nf3+ 51. Kh3 Qf5+ 52. Rg4 Qh7+
53. Kg2 Ne1+ 54. Kf1 Qh1+ 55. Ke2 Qf3+ 56. Kxe1 Qh1+ 57. Kd2 Qc6 58. Qb4+ 1-0

[Event "Gyumri 2009"]
[Site "Gyumri ARM"]
[Date "2009.05.29"]
[Round "7.1"]
[White "Kalashian, David"]
[Black "Ponkratov, Pavel"]
[Result "0-1"]
[WhiteElo "2427"]
[BlackElo "2579"]
[PlyCount "127"]
[EventDate "2009.05.23"]
[EventType "tourn"]
[EventRounds "9"]
[EventCountry "ARM"]
[EventCategory "11"]
[Source "lmi"]
[SourceDate "2009.05.23"]

1. e4 c6 2. d4 d5 3. exd5 cxd5 4. c4 e6 5. Nc3 Nf6 6. Nf3 Nc6 7. Be2 dxc4 8.
Bxc4 Be7 9. a3 O-O 10. O-O b6 11. d5 Na5 12. Ba2 exd5 13. Nxd5 Nxd5 14. Bxd5
Ba6 15. Re1 Rc8 16. Ne5 Bf6 17. Bf4 Bc4 18. Be4 Qxd1 19. Raxd1 Bb3 20. Rb1 Rfe8
21. Bd3 Re7 22. Bg3 h5 23. f4 Rd8 24. Bf1 Rd2 25. Re3 g5 26. h3 h4 27. Bh2 Ba2
28. Rbe1 Rxb2 29. Re4 gxf4 30. Bxf4 Rb1 31. R1e2 Be6 32. Re1 Rxe1 33. Rxe1 Rc7
34. a4 Rc2 35. Bh2 Ra2 36. Bb5 Nb3 37. Ng4 Bc3 38. Rd1 Nc5 39. Bf4 Nxa4 40.
Rd8+ Kg7 41. Rd3 Ba1 42. Kh2 Nc5 43. Rd8 f5 44. Ne5 Rb2 45. Bc6 Rb4 46. g3
hxg3+ 47. Kxg3 Ne4+ 48. Kf3 Rb3+ 49. Kg2 Rc3 50. Re8 Rc2+ 51. Kf3 Bxe5 52.
Bxe5+ Kf7 53. Ba4 Rc4 54. Bb5 Rc5 55. Kf4 Rxb5 56. Rh8 Nf6 57. Rh6 Nd7 58. Bh8
Nf8 59. Rf6+ Ke7 60. Rh6 Rb1 61. Bc3 a5 62. Ke5 a4 63. Rh4 Ng6+ 64. Kd4 0-1

[Event "Gyumri 2009"]
[Site "Gyumri ARM"]
[Date "2009.05.29"]
[Round "7.3"]
[White "Hovhannisyan, Robert"]
[Black "Gelashvili, Tamaz"]
[Result "0-1"]
[WhiteElo "2439"]
[BlackElo "2609"]
[PlyCount "104"]
[EventDate "2009.05.23"]
[EventType "tourn"]
[EventRounds "9"]
[EventCountry "ARM"]
[EventCategory "11"]
[Source "lmi"]
[SourceDate "2009.05.23"]

1. e4 Nc6 2. Nf3 d6 3. d4 Nf6 4. Nc3 g6 5. d5 Nb8 6. Be3 Bg7 7. Qd2 c6 8. h3
Nbd7 9. g4 cxd5 10. exd5 Nc5 11. g5 Nfe4 12. Nxe4 Nxe4 13. Qb4 Nc5 14. Bd4 Bxd4
15. Qxd4 O-O 16. h4 Bf5 17. h5 e5 18. dxe6 Nxe6 19. Qd2 Rc8 20. c3 Be4 21. Bg2
Rc5 22. O-O-O Qa5 23. Rh4 Rd5 24. Qe2 Rxd1+ 25. Kxd1 Qd5+ 26. Ke1 Bxf3 27. Bxf3
Qxg5 28. Rb4 b6 29. hxg6 hxg6 30. Qe3 Qxe3+ 31. fxe3 Re8 32. Kd2 Kg7 33. Bd5
Nc5 34. Rd4 Rd8 35. b4 Nd7 36. a4 Ne5 37. a5 Rc8 38. axb6 axb6 39. Rf4 Rc7 40.
Rf1 Ra7 41. Bb3 f5 42. Rd1 Ng4 43. Ke2 Ra3 44. Be6 Rxc3 45. Rxd6 Rxe3+ 46. Kd2
b5 47. Bd7 Re5 48. Kc3 Nf6 49. Kd4 Nxd7 50. Rxd7+ Kf6 51. Rd8 Re7 52. Rf8+ Kg5
0-1

[Event "Gyumri 2009"]
[Site "Gyumri ARM"]
[Date "2009.05.29"]
[Round "7.4"]
[White "Chibukhchian, Artur"]
[Black "Jumabayev, Rinat"]
[Result "1/2-1/2"]
[WhiteElo "2467"]
[BlackElo "2544"]
[PlyCount "29"]
[EventDate "2009.05.23"]
[EventType "tourn"]
[EventRounds "9"]
[EventCountry "ARM"]
[EventCategory "11"]
[Source "lmi"]
[SourceDate "2009.05.23"]

1. d4 Nf6 2. c4 e6 3. a3 c5 4. e3 d5 5. Nf3 dxc4 6. Bxc4 a6 7. O-O b5 8. Ba2
Bb7 9. Qe2 cxd4 10. Rd1 Be7 11. Nxd4 Qb6 12. b4 O-O 13. Bb2 Nc6 14. Nd2 a5 15.
Qxb5 1/2-1/2

[Event "Gyumri 2009"]
[Site "Gyumri ARM"]
[Date "2009.05.29"]
[Round "7.5"]
[White "Ter-Sahakyan, Samvel"]
[Black "Harutjunyan, Gevorg"]
[Result "1-0"]
[WhiteElo "2486"]
[BlackElo "2504"]
[PlyCount "71"]
[EventDate "2009.05.23"]
[EventType "tourn"]
[EventRounds "9"]
[EventCountry "ARM"]
[EventCategory "11"]
[Source "lmi"]
[SourceDate "2009.05.23"]

1. e4 c6 2. d4 d5 3. Nd2 dxe4 4. Nxe4 Bf5 5. Ng3 Bg6 6. h4 h6 7. Nf3 Nd7 8. h5
Bh7 9. Bd3 Bxd3 10. Qxd3 Ngf6 11. Bd2 Qc7 12. Qe2 e6 13. c4 Be7 14. O-O-O b5
15. c5 a5 16. Ne1 Nd5 17. Nd3 b4 18. Kb1 O-O 19. f4 Rae8 20. Rhe1 Qb8 21. Rc1
Kh8 22. Nh1 Qb5 23. Nhf2 b3 24. a3 Qa4 25. Ne5 Nxe5 26. dxe5 Nxf4 27. Qg4 g5
28. hxg6 fxg6 29. Rh1 Kg7 30. g3 h5 31. Rxh5 Nxh5 32. Qxa4 Rxf2 33. Qxc6 Rd8
34. Be3 Re2 35. Qxe6 Bf8 36. c6 1-0

[Event "Gyumri 2009"]
[Site "Gyumri ARM"]
[Date "2009.05.30"]
[Round "8.1"]
[White "Ponkratov, Pavel"]
[Black "Harutjunyan, Gevorg"]
[Result "1/2-1/2"]
[WhiteElo "2579"]
[BlackElo "2504"]
[PlyCount "100"]
[EventDate "2009.05.23"]
[EventType "tourn"]
[EventRounds "9"]
[EventCountry "ARM"]
[EventCategory "11"]
[Source "lmi"]
[SourceDate "2009.05.23"]

1. e4 c6 2. d4 d5 3. e5 Bf5 4. g4 Be4 5. f3 Bg6 6. Ne2 e6 7. Be3 Ne7 8. Nbc3 h5
9. Qd2 a6 10. O-O-O Nd7 11. Nf4 c5 12. dxc5 Qc7 13. Nxg6 Nxg6 14. f4 Bxc5 15.
Bxc5 Nxc5 16. gxh5 Rxh5 17. Be2 Rh4 18. f5 Nf4 19. Rhg1 O-O-O 20. Bg4 g5 21.
fxe6 fxe6 22. Kb1 d4 23. Ne2 Ne4 24. Qb4 Nxe2 25. Bxe2 Rxh2 26. Rge1 Qc5 27.
Qxc5+ Nxc5 28. Bg4 Kc7 29. b4 Rh4 30. Rg1 Ne4 31. Rde1 Nc3+ 32. Kb2 Re8 33.
Ref1 Re7 34. Rf6 Rh2 35. Rxe6 Rxe6 36. Bxe6 Re2 37. Rxg5 Re1 38. Bb3 Kb6 39.
Bc4 Rb1+ 40. Ka3 a5 41. Rg6+ Kc7 42. bxa5 Nb5+ 43. Bxb5 Rxb5 44. Rg7+ Kc6 45.
e6 Rxa5+ 46. Kb3 Rc5 47. e7 Rc3+ 48. Kb2 Re3 49. Kc1 b6 50. Rg6+ Kc7 1/2-1/2

[Event "Gyumri 2009"]
[Site "Gyumri ARM"]
[Date "2009.05.30"]
[Round "8.2"]
[White "Jumabayev, Rinat"]
[Black "Ter-Sahakyan, Samvel"]
[Result "1/2-1/2"]
[WhiteElo "2544"]
[BlackElo "2486"]
[PlyCount "47"]
[EventDate "2009.05.23"]
[EventType "tourn"]
[EventRounds "9"]
[EventCountry "ARM"]
[EventCategory "11"]
[Source "lmi"]
[SourceDate "2009.05.23"]

1. d4 d5 2. c4 c6 3. Nf3 Nf6 4. Qc2 dxc4 5. Qxc4 Bf5 6. g3 e6 7. Bg2 Be7 8. O-O
O-O 9. Nc3 Nbd7 10. Re1 Bg6 11. e4 b5 12. Qxc6 b4 13. e5 Rc8 14. Qa6 bxc3 15.
exf6 Nxf6 16. bxc3 Rxc3 17. Ne5 Qb6 18. Qxb6 axb6 19. d5 Bc5 20. dxe6 fxe6 21.
Nxg6 hxg6 22. Be3 Bxe3 23. Rxe3 Rxe3 24. fxe3 1/2-1/2

[Event "Gyumri 2009"]
[Site "Gyumri ARM"]
[Date "2009.05.30"]
[Round "8.3"]
[White "Gelashvili, Tamaz"]
[Black "Chibukhchian, Artur"]
[Result "0-1"]
[WhiteElo "2609"]
[BlackElo "2467"]
[PlyCount "60"]
[EventDate "2009.05.23"]
[EventType "tourn"]
[EventRounds "9"]
[EventCountry "ARM"]
[EventCategory "11"]
[Source "lmi"]
[SourceDate "2009.05.23"]

1. d4 Nf6 2. Nf3 g6 3. g3 Bg7 4. Bg2 O-O 5. O-O c6 6. c4 d6 7. Nc3 Nbd7 8. e4
e5 9. h3 Qb6 10. dxe5 Nxe5 11. Nxe5 dxe5 12. Qc2 Nd7 13. b3 Qb4 14. Be3 Nc5 15.
Rad1 f5 16. Bxc5 Qxc5 17. Rd3 Be6 18. Rfd1 f4 19. g4 Qe7 20. Qe2 Rf7 21. R1d2
Qg5 22. Na4 h5 23. Qd1 hxg4 24. hxg4 Bf8 25. Bf3 Bxg4 26. Bxg4 f3 27. Rxf3 Rxf3
28. Qxf3 Qxd2 29. Qf6 Qe1+ 30. Kh2 Qxe4 0-1

[Event "Gyumri 2009"]
[Site "Gyumri ARM"]
[Date "2009.05.30"]
[Round "8.4"]
[White "Minasian, Ara"]
[Black "Hovhannisyan, Robert"]
[Result "1/2-1/2"]
[WhiteElo "2460"]
[BlackElo "2439"]
[PlyCount "53"]
[EventDate "2009.05.23"]
[EventType "tourn"]
[EventRounds "9"]
[EventCountry "ARM"]
[EventCategory "11"]
[Source "lmi"]
[SourceDate "2009.05.23"]

1. c4 Nf6 2. Nc3 e5 3. Nf3 Nc6 4. g3 Nd4 5. Bg2 Nxf3+ 6. Bxf3 Bc5 7. d3 c6 8.
O-O O-O 9. Bg2 h6 10. Qb3 Re8 11. e3 d6 12. Na4 a5 13. Bd2 Ba7 14. Rac1 b5 15.
Nc3 bxc4 16. Qxc4 Bd7 17. Na4 Nd5 18. b3 Ne7 19. Rfd1 Rf8 20. d4 Bg4 21. Re1
Be6 22. Qc3 exd4 23. exd4 Rc8 24. Qxa5 Bxd4 25. Qxd8 Rfxd8 26. Ba5 Re8 27. Nb6
1/2-1/2

[Event "Gyumri 2009"]
[Site "Gyumri ARM"]
[Date "2009.05.30"]
[Round "8.5"]
[White "Kalashian, David"]
[Black "Arutinian, David"]
[Result "1-0"]
[WhiteElo "2427"]
[BlackElo "2548"]
[PlyCount "65"]
[EventDate "2009.05.23"]
[EventType "tourn"]
[EventRounds "9"]
[EventCountry "ARM"]
[EventCategory "11"]
[Source "lmi"]
[SourceDate "2009.05.23"]

1. d4 d6 2. c4 g6 3. Nc3 Bg7 4. e4 e5 5. d5 Nd7 6. h4 h5 7. Nf3 a5 8. Be3 Bh6
9. Ng5 Nc5 10. Qd2 f6 11. Nh3 Qe7 12. O-O-O Bxe3 13. Qxe3 Bd7 14. f3 Nh6 15.
Nf2 b6 16. g3 f5 17. Bh3 O-O-O 18. Nd3 Kb7 19. Nxc5+ dxc5 20. d6 cxd6 21. Nd5
Qf7 22. Qb3 b5 23. cxb5 Be6 24. Qa4 Ra8 25. f4 Ng4 26. Bg2 Rhd8 27. exf5 gxf5
28. fxe5 dxe5 29. Nc7+ e4 30. Nxa8 Rxa8 31. Bxe4+ fxe4 32. Qxe4+ Ka7 33. b6+
1-0

[Event "Gyumri 2009"]
[Site "Gyumri ARM"]
[Date "2009.05.31"]
[Round "9.1"]
[White "Arutinian, David"]
[Black "Ponkratov, Pavel"]
[Result "1-0"]
[PlyCount "79"]
[EventDate "2009.05.23"]
[EventType "tourn"]
[EventRounds "9"]
[EventCountry "ARM"]
[EventCategory "11"]
[Source "lmi"]
[SourceDate "2009.05.23"]
[WhiteElo "2548"]
[BlackElo "2579"]

1. Nf3 Nf6 2. c4 c5 3. Nc3 Nc6 4. e3 e6 5. d4 d5 6. a3 cxd4 7. exd4 Be7 8. c5
O-O 9. Bb5 Ne4 10. Qc2 Bd7 11. O-O Nxc3 12. Qxc3 Bf6 13. Bxc6 Bxc6 14. Bf4 Re8
15. Rfe1 Be7 16. b4 Ba4 17. Qd3 a6 18. Re3 Bd7 19. Ne5 g6 20. Rh3 Bf8 21. Bh6
Qe7 22. Qg3 Bxh6 23. Rxh6 Kg7 24. Rh3 Rh8 25. Re1 f6 26. Qh4 h6 27. Nxd7 Qxd7
28. Rhe3 Rae8 29. Qg4 Kf7 30. f4 h5 31. Qe2 Re7 32. a4 Rhe8 33. b5 axb5 34.
axb5 Ra8 35. f5 gxf5 36. Qxh5+ Kg8 37. Qg6+ Rg7 38. Qxf6 Ra2 39. Rg3 Rxg3 40.
hxg3 1-0

[Event "Gyumri 2009"]
[Site "Gyumri ARM"]
[Date "2009.05.31"]
[Round "9.2"]
[White "Hovhannisyan, Robert"]
[Black "Kalashian, David"]
[Result "1-0"]
[PlyCount "155"]
[EventDate "2009.05.23"]
[EventType "tourn"]
[EventRounds "9"]
[EventCountry "ARM"]
[EventCategory "11"]
[Source "lmi"]
[SourceDate "2009.05.23"]
[WhiteElo "2439"]
[BlackElo "2427"]

1. e4 c6 2. d4 g6 3. Nc3 Bg7 4. Nf3 d6 5. h3 Nf6 6. Bd3 O-O 7. O-O Nbd7 8. e5
Ne8 9. Bf4 dxe5 10. dxe5 Nc5 11. Qd2 Nxd3 12. cxd3 Bf5 13. Rad1 f6 14. Bh6 fxe5
15. Bxg7 Kxg7 16. Nxe5 Nf6 17. Rfe1 Qd4 18. Nf3 Qd6 19. Qe3 Rfe8 20. Nd4 Bd7
21. Ne4 Qc7 22. Nf3 Nd5 23. Qg5 h6 24. Qc1 Qf4 25. Qxf4 Nxf4 26. Nc5 Bf5 27.
Nd4 Rad8 28. Nxf5+ gxf5 29. Nxb7 Rb8 30. Na5 Rxb2 31. Nxc6 Rxa2 32. Rxe7+ Rxe7
33. Nxe7 Ne2+ 34. Kh2 Nd4 35. Kg3 Kf6 36. Nd5+ Ke5 37. Nf4 a5 38. Re1+ Kd6 39.
Re8 Kd7 40. Rh8 a4 41. Rxh6 Nc6 42. Rh8 a3 43. Nd5 Kd6 44. Ne3 Ra1 45. Ra8 Kc5
46. Nc2 Ra2 47. Nxa3 f4+ 48. Kxf4 Rxf2+ 49. Kg3 Rd2 50. Kh2 Rxd3 51. Nc2 Rd2
52. Ne1 Nd4 53. Rf8 Ne6 54. Rf2 Rxf2 55. Nd3+ Kd4 56. Nxf2 Ke5 57. Kg3 Kf5 58.
Ng4 Ng7 59. Kf3 Ne6 60. Ne3+ Kg5 61. Kg3 Kh5 62. h4 Kg6 63. Kg4 Ng7 64. Nd5 Kh6
65. Kh3 Ne6 66. g4 Nd4 67. Nf4 Nf3 68. Kg3 Ne5 69. g5+ Kg7 70. h5 Kf7 71. Kh4
Kg7 72. h6+ Kf7 73. Kh5 Kg8 74. g6 Kf8 75. Nd5 Nd7 76. Kg5 Nc5 77. Kf5 Nd7 78.
Nf6 1-0

[Event "Gyumri 2009"]
[Site "Gyumri ARM"]
[Date "2009.05.31"]
[Round "9.3"]
[White "Chibukhchian, Artur"]
[Black "Minasian, Ara"]
[Result "1/2-1/2"]
[PlyCount "20"]
[EventDate "2009.05.23"]
[EventType "tourn"]
[EventRounds "9"]
[EventCountry "ARM"]
[EventCategory "11"]
[Source "lmi"]
[SourceDate "2009.05.23"]
[WhiteElo "2467"]
[BlackElo "2460"]

1. d4 f5 2. c4 Nf6 3. Nc3 g6 4. g3 Bg7 5. Bg2 O-O 6. Nf3 d6 7. O-O Nc6 8. d5
Ne5 9. Nxe5 dxe5 10. Qb3 h6 1/2-1/2

[Event "Gyumri 2009"]
[Site "Gyumri ARM"]
[Date "2009.05.31"]
[Round "9.4"]
[White "Ter-Sahakyan, Samvel"]
[Black "Gelashvili, Tamaz"]
[Result "0-1"]
[PlyCount "112"]
[EventDate "2009.05.23"]
[EventType "tourn"]
[EventRounds "9"]
[EventCountry "ARM"]
[EventCategory "11"]
[Source "lmi"]
[SourceDate "2009.05.23"]
[WhiteElo "2486"]
[BlackElo "2609"]

1. e4 g6 2. d4 Bg7 3. Nc3 d6 4. Be3 a6 5. Qd2 Nd7 6. O-O-O b5 7. Kb1 Bb7 8. f3
Rc8 9. h4 h5 10. Nh3 c5 11. dxc5 Nxc5 12. Nd5 Bxd5 13. exd5 Na4 14. Bd4 Bxd4
15. Qxd4 Nf6 16. Nf4 Qb6 17. Be2 Qxd4 18. Rxd4 Nb6 19. b3 Rc5 20. Rhd1 a5 21.
a3 O-O 22. b4 Rc3 23. bxa5 Na8 24. a4 bxa4 25. Rxa4 Rb8+ 26. Kc1 Nc7 27. Rd3
Rxd3 28. Bxd3 Ra8 29. Ne2 Nfxd5 30. Nd4 Nf4 31. Bb5 Nxg2 32. Bc6 Rb8 33. Nb5
Na6 34. Kd2 e5 35. Rc4 d5 36. Rc3 Nxh4 37. Bd7 Kg7 38. Ke2 Nf5 39. Kf2 Ne7 40.
Nc7 Nxc7 41. Rxc7 Ra8 42. Bh3 Kf8 43. Rc5 f5 44. Bf1 Rc8 45. Rxc8+ Nxc8 46. c4
d4 47. c5 Ke7 48. Bc4 Na7 49. Bd5 g5 50. Bc4 g4 51. Bd5 gxf3 52. Kxf3 d3 53.
Bc4 e4+ 54. Kf4 h4 55. Ke3 h3 56. Kf2 f4 0-1

[Event "Gyumri 2009"]
[Site "Gyumri ARM"]
[Date "2009.05.31"]
[Round "9.5"]
[White "Harutjunyan, Gevorg"]
[Black "Jumabayev, Rinat"]
[Result "0-1"]
[PlyCount "104"]
[EventDate "2009.05.23"]
[EventType "tourn"]
[EventRounds "9"]
[EventCountry "ARM"]
[EventCategory "11"]
[Source "lmi"]
[SourceDate "2009.05.23"]
[WhiteElo "2504"]
[BlackElo "2544"]

1. e4 c5 2. Nf3 d6 3. d4 cxd4 4. Nxd4 Nf6 5. Nc3 a6 6. Bg5 e6 7. f4 Qb6 8. Qd3
Nc6 9. Bxf6 gxf6 10. Nb3 h5 11. Be2 Bd7 12. O-O-O Qc7 13. Kb1 b5 14. a3 Rb8 15.
Rhf1 b4 16. axb4 Nxb4 17. Qc4 Qxc4 18. Bxc4 Ke7 19. Na5 Bg7 20. f5 Bh6 21. Rf3
h4 22. Bb3 Rhd8 23. Nc4 Bb5 24. Nxb5 axb5 25. Na5 Ra8 26. Rd4 Rxa5 27. Rxb4 Rg8
28. g3 Bd2 29. Rd4 hxg3 30. Rxg3 Rga8 31. c3 Bf4 32. Rg4 Ra1+ 33. Kc2 Rf1 34.
fxe6 Raa1 35. Bd5 fxe6 36. Bc6 Rf2+ 37. Kb3 Bc1 38. Bxb5 Rxb2+ 39. Kc4 Ra5 40.
Rg7+ Kf8 41. Rb7 Bf4 42. h3 Be5 43. Rd3 Re2 44. Bd7 Rxe4+ 45. Kb3 Re1 46. Rd2
Rc5 47. Rg2 Rxc3+ 48. Ka2 Rg3 49. Rxg3 Ra1+ 50. Kb3 Rb1+ 51. Ka2 Rxb7 52. Bc6
Rb6 0-1